[Event "XIII Konik Morski Rewala - Open A"]
[Site "Rewal"]
[Date "2008.08.21"]
[Round "2"]
[White "Lahiri, Atanu"]
[Black "Wieczorek, Oskar"]
[Result "0-1"]
[WhiteElo "2338"]
[BlackElo "2232"]
[PlyCount "100"]
[EventDate "2008.08.21"]

1. d4 Nf6 2. c4 c5 3. d5 b5 4. f3 g6 5. e4 d6 6. cxb5 Bg7 7. Ne2 a6 8. Nec3 O-O
9. bxa6 Nbd7 10. Be2 Bxa6 11. O-O Qb6 12. Nd2 Rfb8 13. Nc4 Qb4 14. a3 Qb3 15.
Qxb3 Rxb3 16. Nb1 Ne8 17. Nbd2 Bd4+ 18. Kh1 Rbb8 19. f4 Nb6 20. Nxb6 Rxb6 21.
Bxa6 Raxa6 22. Rb1 Nf6 23. Nc4 Rb8 24. Re1 Ra4 25. Nd2 Ng4 26. h3 Nf2+ 27. Kh2
Nd3 28. Rd1 Nxc1 29. Rbxc1 Rxb2 30. Nc4 Re2 31. e5 Be3 32. Nxe3 Rxe3 33. Rb1
Rxf4 34. exd6 exd6 35. Rb6 Rxa3 36. Rxd6 Rf2 37. Rc6 Raa2 38. Rg1 Rac2 39. d6
Rfd2 40. Kg3 Kg7 41. Rf1 Rxg2+ 42. Kf3 Rgd2 43. Ke3 c4 44. Ke4 Rd3 45. h4 Re2+
46. Kf4 Re6 47. Rc1 Rd4+ 48. Kg3 Rexd6 49. R6xc4 Rxc4 50. Rxc4 Rd3+ 0-1

[Event "XIII Konik Morski Rewala - Open A"]
[Site "Rewal"]
[Date "2008.08.21"]
[Round "2"]
[White "Baturo, Tomasz"]
[Black "Budrewicz, Krzysztof"]
[Result "0-1"]
[WhiteElo "2059"]
[BlackElo "2333"]
[PlyCount "80"]
[EventDate "2008.08.21"]

1. e4 d5 2. exd5 Nf6 3. d4 Nxd5 4. Nf3 g6 5. c4 Nb6 6. Nc3 Bg7 7. Be3 O-O 8. h3
Nc6 9. Qd2 e5 10. d5 Ne7 11. g4 f5 12. gxf5 Nxf5 13. Ne4 Nd4 14. Nxd4 exd4 15.
Bg5 Qe8 16. Qc2 h6 17. Bd2 Bf5 18. f3 Na4 19. Bd3 Nc5 20. O-O-O Nxd3+ 21. Qxd3
c6 22. d6 Qe6 23. Rde1 b5 24. b3 a6 25. h4 Qxd6 26. Nxd6 Bxd3 27. f4 Rad8 28.
c5 Rf6 29. Rh3 Bf5 30. Rg3 h5 31. Re7 Bg4 32. Rd3 Bf8 33. Re8 Rfxd6 34. Rxf8+
Kxf8 35. cxd6 c5 36. b4 Bf5 37. Ra3 c4 38. Rxa6 c3 39. Be1 Re8 40. Bf2 d3 0-1

[Event "XIII Konik Morski Rewala - Open A"]
[Site "Rewal"]
[Date "2008.08.21"]
[Round "2"]
[White "Nguyen, Piotr"]
[Black "Szromba, Krzysztof"]
[Result "1-0"]
[WhiteElo "2329"]
[BlackElo "2186"]
[PlyCount "55"]
[EventDate "2008.08.21"]

1. d4 f5 2. c4 Nf6 3. Nc3 g6 4. h4 Bg7 5. h5 Nxh5 6. e4 Nf6 7. exf5 gxf5 8. Bg5
e6 9. Qf3 Nc6 10. O-O-O Qe7 11. Nge2 d6 12. Nf4 Bd7 13. Ncd5 exd5 14. Nxd5 Nxd5
15. Bxe7 Ndxe7 16. Qh5+ Ng6 17. Re1+ Kf7 18. c5 d5 19. g4 Nxd4 20. Bd3 Kf8 21.
Bxf5 Bxf5 22. gxf5 Nf4 23. Qg5 Nd3+ 24. Kb1 Nxe1 25. f6 Rg8 26. fxg7+ Rxg7 27.
Qf6+ Kg8 28. Qxd4 1-0

[Event "XIII Konik Morski Rewala - Open A"]
[Site "Rewal"]
[Date "2008.08.21"]
[Round "2"]
[White "Chojnacki, Krzysztof"]
[Black "Korosciel, Aneta"]
[Result "1-0"]
[WhiteElo "2416"]
[BlackElo "2067"]
[PlyCount "77"]
[EventDate "2008.08.21"]

1. e4 e5 2. Nf3 Nf6 3. d4 Nxe4 4. dxe5 d5 5. Nbd2 Be7 6. Nxe4 dxe4 7. Qxd8+
Bxd8 8. Nd4 Nd7 9. e6 Nb6 10. exf7+ Kxf7 11. Be3 Bf6 12. O-O-O c6 13. c4 Bg4
14. Rd2 Rad8 15. h3 Bc8 16. Be2 g6 17. Rhd1 Rhe8 18. Nb3 Rxd2 19. Rxd2 Be6 20.
Rc2 Bc8 21. a3 Bd8 22. Rd2 Bh4 23. Rd1 Kg7 24. Nc5 Bf6 25. b4 Re7 26. Kc2 Kf7
27. Kb3 h5 28. Rd2 Na8 29. Rd8 Rc7 30. Rd6 Re7 31. g4 hxg4 32. hxg4 g5 33. Bd1
Re8 34. Bc2 Bxg4 35. Nxe4 Be6 36. Bxg5 Bg7 37. Nc5 b6 38. Nxe6 Rxe6 39. Rd7+
1-0

[Event "XIII Konik Morski Rewala - Open A"]
[Site "Rewal"]
[Date "2008.08.21"]
[Round "2"]
[White "Bronowicki, Mateusz"]
[Black "Witek, Tomasz"]
[Result "1-0"]
[WhiteElo "2326"]
[BlackElo "2125"]
[PlyCount "81"]
[EventDate "2008.08.21"]

1. d4 Nf6 2. c4 g6 3. Nc3 Bg7 4. e4 d6 5. f3 c6 6. Be3 e6 7. Bd3 b5 8. Nge2
Nbd7 9. O-O O-O 10. Qd2 bxc4 11. Bxc4 a5 12. Na4 d5 13. Bd3 dxe4 14. Bxe4 Nxe4
15. fxe4 Ba6 16. Rfd1 Nb6 17. Nxb6 Qxb6 18. Nc3 Qb4 19. Rac1 Rfd8 20. Qf2 Rab8
21. b3 e5 22. d5 cxd5 23. Bc5 Qb7 24. Nxd5 Kh8 25. Bb6 Rd7 26. Rc7 Rxc7 27.
Bxc7 Rc8 28. Bxa5 Qb5 29. Qb6 Qe2 30. Re1 Qb5 31. a4 Qxb6+ 32. Bxb6 Bb7 33. Rd1
h5 34. a5 Bf8 35. b4 f5 36. b5 Bc5+ 37. Bxc5 Rxc5 38. a6 Rxb5 39. axb7 Rxb7 40.
exf5 gxf5 41. Nf6 1-0

[Event "XIII Konik Morski Rewala - Open A"]
[Site "Rewal"]
[Date "2008.08.21"]
[Round "2"]
[White "Meyer, Falko"]
[Black "Czachor, Grzegorz"]
[Result "1-0"]
[WhiteElo "2305"]
[BlackElo "2020"]
[PlyCount "61"]
[EventDate "2008.08.21"]

1. e4 c6 2. d4 d5 3. e5 c5 4. c3 Nc6 5. Bb5 e6 6. Ne2 Bd7 7. Bxc6 bxc6 8. O-O
Nh6 9. Bxh6 gxh6 10. Ng3 Qb6 11. b3 Rg8 12. dxc5 Bxc5 13. Qd3 Rg6 14. Nd2 O-O-O
15. b4 Be7 16. a4 Rdg8 17. a5 Qb7 18. Qf3 f6 19. exf6 Rxf6 20. Qd3 Rfg6 21. Kh1
h5 22. Nxh5 Rxg2 23. Ng3 R2xg3 24. fxg3 c5 25. a6 Qa8 26. Rf7 Bg5 27. Nf3 h6
28. Ra5 cxb4 29. Rc5+ Kd8 30. Qh7 Be8 31. Rb7 1-0

[Event "XIII Konik Morski Rewala - Open A"]
[Site "Rewal"]
[Date "2008.08.21"]
[Round "2"]
[White "Swicarz, Maciej"]
[Black "Andrzejewska, Anna"]
[Result "1-0"]
[WhiteElo "2284"]
[BlackElo "1992"]
[PlyCount "63"]
[EventDate "2008.08.21"]

1. f4 d5 2. Nf3 Nf6 3. g3 c5 4. Bg2 e6 5. O-O Bd6 6. d3 O-O 7. Qe1 Nc6 8. e4
dxe4 9. dxe4 e5 10. f5 Nd4 11. Na3 a6 12. c3 Nxf3+ 13. Bxf3 b5 14. g4 c4 15.
Nc2 Nd7 16. g5 Nc5 17. Qh4 f6 18. g6 h6 19. Kh1 Nd3 20. Bd2 Bc5 21. Rad1 Qb6
22. b4 cxb3 23. Nb4 Nf2+ 24. Kg2 Nxd1 25. Bxd1 Be3 26. Bxb3+ Kh8 27. Nd5 Bg5
28. Nxb6 Bxh4 29. Nxa8 Bb7 30. Nc7 Bxe4+ 31. Kh3 Bg5 32. Ne6 1-0

[Event "XIII Konik Morski Rewala - Open A"]
[Site "Rewal"]
[Date "2008.08.21"]
[Round "2"]
[White "Nasuta, Grzegorz"]
[Black "Ni, Viktorija"]
[Result "0-1"]
[WhiteElo "1959"]
[BlackElo "2129"]
[PlyCount "104"]
[EventDate "2008.08.21"]

1. e4 c5 2. Nf3 e6 3. d4 cxd4 4. Nxd4 a6 5. Bd3 Bc5 6. Nb3 Ba7 7. Qg4 Nf6 8.
Qg3 d6 9. Nc3 Nc6 10. Bg5 Ne5 11. O-O-O h6 12. Bxf6 Qxf6 13. f4 Ng6 14. Rhf1
Qh4 15. Qf3 Qxf4+ 16. Kb1 Qxf3 17. gxf3 Bd7 18. Be2 Ke7 19. f4 b5 20. a3 Bb6
21. Bh5 a5 22. Nd4 b4 23. Nf5+ Kf8 24. Nxd6 bxc3 25. Nxf7 Be8 26. Nxh8 Nxh8 27.
Bxe8 Rxe8 28. b3 Bc5 29. Ka2 Rc8 30. Rd3 Be7 31. Rff3 Ng6 32. f5 exf5 33. exf5
Ne5 34. Rxc3 Rd8 35. Rf1 Rd2 36. h3 Bf6 37. Rc8+ Ke7 38. Kb1 Kd7 39. Ra8 Nc6
40. Rg1 Rd5 41. Rf1 Rd2 42. Rg1 Bd4 43. Rf1 Bc3 44. Rg8 Ne7 45. Rb8 Nxf5 46.
Rb7+ Kc6 47. Rb8 Nd6 48. Rc1 Kc7 49. Rf8 Bf6 50. Rf1 Ne4 51. a4 Rh2 52. Rg1
Nc3+ 0-1

[Event "XIII Konik Morski Rewala - Open A"]
[Site "Rewal"]
[Date "2008.08.21"]
[Round "2"]
[White "Klim, Kamil"]
[Black "Kues, Hendrik"]
[Result "1-0"]
[WhiteElo "2181"]
[BlackElo "2235"]
[PlyCount "73"]
[EventDate "2008.08.21"]

1. d4 d5 2. c4 c6 3. Nf3 Nf6 4. Nc3 dxc4 5. e3 b5 6. a4 b4 7. Na2 e6 8. Bxc4
Be7 9. O-O O-O 10. Qe2 Bb7 11. b3 Nbd7 12. Bb2 Qa5 13. Nc1 Rac8 14. Nd3 Nb6 15.
Nfe5 Nxc4 16. Nxc4 Qf5 17. f3 h5 18. e4 Qh7 19. Nc5 Bxc5 20. dxc5 Ba6 21. Be5
Qh6 22. Rfd1 Rfd8 23. Qe3 Qxe3+ 24. Nxe3 Be2 25. Rxd8+ Rxd8 26. Kf2 Ba6 27. Bd6
Bc8 28. Nc4 Ne8 29. Rd1 Bb7 30. Rd2 f6 31. Bf4 Rc8 32. Rd7 Ba6 33. Na5 e5 34.
Be3 Rc7 35. Rxc7 Nxc7 36. Nxc6 Bd3 37. Nxb4 1-0

[Event "XIII Konik Morski Rewala - Open A"]
[Site "Rewal"]
[Date "2008.08.21"]
[Round "2"]
[White "Kucypera, Malgorzata"]
[Black "Zierke, Oliver"]
[Result "1-0"]
[WhiteElo "2081"]
[BlackElo "2327"]
[PlyCount "53"]
[EventDate "2008.08.21"]

1. e4 c5 2. Nf3 Nc6 3. d4 cxd4 4. Nxd4 Nf6 5. Nc3 d6 6. Bc4 e6 7. Be3 Be7 8.
Qe2 O-O 9. O-O-O d5 10. Bb3 Bb4 11. exd5 exd5 12. Bg5 Bxc3 13. bxc3 h6 14. Bh4
Qd6 15. Bxf6 Qxf6 16. Nb5 a6 17. Nd4 Be6 18. Rhe1 Rfe8 19. Qd2 Rac8 20. Re3
Red8 21. Nxe6 fxe6 22. Rde1 Kh8 23. Rxe6 Qh4 24. R6e3 d4 25. Rh3 dxc3 26. Qe3
Qd4 27. Rxh6+ 1-0

[Event "XIII Konik Morski Rewala - Open A"]
[Site "Rewal"]
[Date "2008.08.21"]
[Round "2"]
[White "Palosz, Andrzej"]
[Black "Cagara, Paulina"]
[Result "1-0"]
[WhiteElo "2148"]
[BlackElo "2078"]
[PlyCount "95"]
[EventDate "2008.08.21"]

1. e4 c6 2. d4 d5 3. e5 c5 4. dxc5 e6 5. Be3 Nh6 6. c3 Nf5 7. Bd4 Bd7 8. Nf3
Nc6 9. Bd3 Nfxd4 10. cxd4 b6 11. Nc3 bxc5 12. dxc5 Bxc5 13. O-O Bb6 14. Rc1 O-O
15. Bb1 Ne7 16. Bxh7+ Kh8 17. Bb1 g6 18. Qd2 Kg7 19. Qf4 Rc8 20. Bd3 Bc6 21.
Ne2 d4 22. Nfxd4 Nd5 23. Qg4 Ne7 24. Rxc6 Rxc6 25. Nxc6 Nxc6 26. Qg3 Qd5 27.
Nf4 Qxe5 28. Bxg6 fxg6 29. Qxg6+ Kh8 30. Qh6+ Kg8 31. Qg6+ Kh8 32. Qh6+ Kg8 33.
Qxf8+ Kxf8 34. Ng6+ Kf7 35. Nxe5+ Nxe5 36. Rd1 Kf6 37. h3 Nc6 38. g3 Bd4 39. b3
e5 40. Kg2 e4 41. h4 Ke5 42. h5 Kf5 43. b4 a6 44. a4 e3 45. fxe3 Bxe3 46. h6
Ne7 47. h7 Ng6 48. Rd6 1-0

[Event "XIII Konik Morski Rewala - Open A"]
[Site "Rewal"]
[Date "2008.08.21"]
[Round "2"]
[White "Pietrzak, Tomasz"]
[Black "Verdaguer Muntanya, Marc"]
[Result "0-1"]
[WhiteElo "2016"]
[BlackElo "2142"]
[PlyCount "94"]
[EventDate "2008.08.21"]

1. Nf3 d5 2. d4 c6 3. c4 e6 4. e3 Bd6 5. Be2 f5 6. b3 Nf6 7. O-O Qe7 8. Bb2 Ne4
9. Ne5 O-O 10. Qc2 Bd7 11. f3 Nf6 12. Nd2 Be8 13. e4 Nh5 14. g3 f4 15. g4 Qg5
16. cxd5 exd5 17. exd5 cxd5 18. Bd3 Nf6 19. Rae1 Nbd7 20. Re2 h5 21. Rg2 hxg4
22. Nxg4 Nxg4 23. Rxg4 Qh6 24. Kh1 Nf6 25. Rg2 Nh5 26. Re1 Rf6 27. Re5 Bc6 28.
Kg1 Raf8 29. Reg5 Ng3 30. Rg4 Bd7 31. Rg6 Rxg6 32. Bxg6 Bh3 33. hxg3 Bxg2 34.
Kxg2 fxg3 35. Nf1 Qf4 36. Qe2 Kh8 37. Bb1 a6 38. Qd3 g6 39. Qe3 Qxe3 40. Nxe3
Re8 41. Bc1 Bf4 42. Bxg6 Re7 43. Nxd5 Re2+ 44. Kf1 Rf2+ 45. Kg1 Bxc1 46. Be4
Kg7 47. Nb4 Be3 0-1

[Event "XIII Konik Morski Rewala - Open A"]
[Site "Rewal"]
[Date "2008.08.21"]
[Round "2"]
[White "Jagodzinski, Waldemar"]
[Black "Spicak, Krzysztof"]
[Result "1-0"]
[WhiteElo "2141"]
[BlackElo "2011"]
[PlyCount "39"]
[EventDate "2008.08.21"]

1. d4 Nf6 2. Nf3 d5 3. c4 dxc4 4. Nc3 c6 5. e4 b5 6. e5 Nd5 7. Be2 Bg4 8. h3
Bxf3 9. Bxf3 e6 10. O-O Nd7 11. a4 a6 12. Bxd5 exd5 13. Qg4 b4 14. Ne2 h5 15.
Qg3 a5 16. Re1 Qb6 17. Bg5 c5 18. Nf4 cxd4 19. e6 Nc5 20. Nxd5 1-0

[Event "XIII Konik Morski Rewala - Open A"]
[Site "Rewal"]
[Date "2008.08.21"]
[Round "2"]
[White "Czachor, Radoslaw"]
[Black "Krajewicz, Pawel"]
[Result "0-1"]
[WhiteElo "2127"]
[BlackElo "1993"]
[PlyCount "68"]
[EventDate "2008.08.21"]

1. e4 c5 2. Nf3 Nc6 3. d4 cxd4 4. Nxd4 Nf6 5. Nc3 e6 6. Ndb5 Bb4 7. a3 Bxc3+ 8.
Nxc3 d5 9. exd5 exd5 10. Bg5 O-O 11. Be2 d4 12. Ne4 Qa5+ 13. b4 Qe5 14. Nxf6+
gxf6 15. Bh6 Re8 16. Kf1 Bf5 17. Bd3 Ne7 18. h4 Rac8 19. Bd2 Kh8 20. Qf3 Bxd3+
21. Qxd3 Rg8 22. Re1 Qd5 23. Rg1 Ng6 24. Re4 Ne5 25. Rxd4 Qa2 26. Qe4 Qa1+ 27.
Be1 Rge8 28. Qf4 Ng6 29. Qxf6+ Kg8 30. g3 Rxe1+ 31. Kg2 Rxg1+ 32. Kh3 Rd1 33.
Qf5 Qxd4 34. Qxc8+ Kg7 0-1

[Event "XIII Konik Morski Rewala - Open A"]
[Site "Rewal"]
[Date "2008.08.21"]
[Round "2"]
[White "Knap, Jerzy"]
[Black "Grochowalski, Pawel"]
[Result "1-0"]
[WhiteElo "1974"]
[BlackElo "2121"]
[PlyCount "86"]
[EventDate "2008.08.21"]

1. d4 Nf6 2. c4 e6 3. Nc3 d5 4. Nf3 Be7 5. Bg5 O-O 6. e3 Nbd7 7. cxd5 exd5 8.
Be2 c6 9. O-O Re8 10. Rc1 a5 11. a3 Ne4 12. Bxe7 Qxe7 13. Re1 f5 14. Qc2 g5 15.
Nxe4 fxe4 16. Nd2 Rf8 17. Nf1 Rf6 18. Ng3 a4 19. Qd2 Nb6 20. Qb4 Qd8 21. Qc5 g4
22. Rf1 Rh6 23. Rfe1 Qh4 24. Nf1 Nd7 25. Qb4 Nf8 26. g3 Qg5 27. Nd2 Qg7 28. b3
b5 29. bxa4 Rxa4 30. Qb3 Bd7 31. Nxe4 Rxa3 32. Qxa3 dxe4 33. Qa8 Rf6 34. Rc5
Qh6 35. Qd8 Kf7 36. Re5 Be6 37. Rxe4 Rxf2 38. Rf4+ Rxf4 39. exf4 Qg6 40. Qc7+
Bd7 41. Qe5 Qc2 42. Qh5+ Kf6 43. Qg5+ Kf7 1-0

[Event "XIII Konik Morski Rewala - Open A"]
[Site "Rewal"]
[Date "2008.08.21"]
[Round "2"]
[White "Hermanowicz, Dominika"]
[Black "Puczylowski, Marcin"]
[Result "1/2-1/2"]
[WhiteElo "2118"]
[BlackElo "1958"]
[PlyCount "99"]
[EventDate "2008.08.21"]

1. e4 e6 2. d4 d5 3. Nd2 Nf6 4. Bd3 c5 5. e5 Nfd7 6. c3 Nc6 7. Ne2 cxd4 8. cxd4
f6 9. exf6 Nxf6 10. O-O Bd6 11. Nf3 O-O 12. Nc3 a6 13. Bg5 Qc7 14. Rc1 Ng4 15.
h3 Nh2 16. Nxh2 Bxh2+ 17. Kh1 Bf4 18. Bxf4 Qxf4 19. Ne2 Qh4 20. f4 Kh8 21. Qd2
Bd7 22. Qe3 Rf7 23. Rf3 Raf8 24. Rcf1 Qh6 25. Kg1 Nb4 26. Bb1 Bb5 27. a3 Nc6
28. Bd3 Bxd3 29. Qxd3 Ne7 30. g4 Qg6 31. Qxg6 Nxg6 32. Kh2 Rc7 33. Nc3 Ne7 34.
Re3 Nc6 35. Rxe6 Nxd4 36. Rd6 Nb5 37. Nxb5 Rc2+ 38. Kg3 axb5 39. Rxd5 Rxb2 40.
Rd7 Ra8 41. Rf3 b4 42. Rxb7 bxa3 43. Rxb2 axb2 44. Rb3 h6 45. Rxb2 Ra7 46. Rb3
Kh7 47. f5 Kg8 48. Re3 Kf7 49. Kf4 Ra4+ 50. Kf3 1/2-1/2

[Event "XIII Konik Morski Rewala - Open A"]
[Site "Rewal"]
[Date "2008.08.21"]
[Round "2"]
[White "Wnuk-lipinski, Pawel"]
[Black "Siwiec, Arkadiusz"]
[Result "0-1"]
[WhiteElo "1956"]
[BlackElo "2096"]
[PlyCount "54"]
[EventDate "2008.08.21"]

1. e4 c5 2. Nf3 d6 3. d4 cxd4 4. Nxd4 Nf6 5. Nc3 Nc6 6. Be2 g6 7. Be3 Bg7 8. h4
O-O 9. g4 d5 10. Nxc6 bxc6 11. e5 Nd7 12. f4 e6 13. Bf3 Rb8 14. b3 c5 15. Ne2
f6 16. Bxd5 exd5 17. Qxd5+ Kh8 18. Qd6 Rb6 19. Qd2 fxe5 20. fxe5 Nxe5 21. O-O-O
Qxd2+ 22. Rxd2 Rc6 23. g5 Ng4 24. Bf4 Re6 25. Bg3 Re3 26. Bf4 Rxe2 27. Rxe2
Rxf4 0-1

[Event "XIII Konik Morski Rewala - Open A"]
[Site "Rewal"]
[Date "2008.08.22"]
[Round "3"]
[White "Zhigalko, Andrey"]
[Black "Nguyen, Piotr"]
[Result "1-0"]
[WhiteElo "2551"]
[BlackElo "2329"]
[PlyCount "0"]
[EventDate "2008.??.??"]

1. d4 e6 2. c4 b6 3. e4 Bb7 4. Bd3 Nc6 5. Ne2 Nb4 6. Nbc3 Nxd3+ 7. Qxd3 Ne7 8.
h4 d6 9. h5 h6 10. Be3 Qd7 11. d5 e5 12. f4 exf4 13. Nxf4 O-O-O 14. a4 g5 15.
Bd4 Rg8 16. Nfe2 f5 17. a5 Kb8 18. O-O c5 19. Bf6 fxe4 20. Nxe4 Bg7 21. axb6
axb6 22. Bxg7 Rxg7 23. Rf6 Nc8 24. Rxh6 Qf5 25. Nxc5 Qxd3 26. Nxd3 b5 27. Nd4
bxc4 28. Ne6 cxd3 29. Nxg7 Bxd5 30. Rd1 Be4 31. Re6 d5 32. Re8 Rd6 33. Ne6 Bf5
34. Nd4 Be4 35. Rc1 Kb7 36. Rexc8 d2 37. R8c7+ Kb8 38. Rd1 Kxc7 39. Nb5+ 1-0

[Event "XIII Konik Morski Rewala - Open A"]
[Site "Rewal"]
[Date "2008.08.22"]
[Round "3"]
[White "Sievers, Stefan"]
[Black "Cyborowski, Lukasz"]
[Result "0-1"]
[WhiteElo "2363"]
[BlackElo "2546"]
[PlyCount "0"]
[EventDate "2008.??.??"]

1. Nf3 Nf6 2. c4 c5 3. g3 Nc6 4. Bg2 d6 5. O-O g6 6. Nc3 Bg7 7. Rb1 O-O 8. a3
a5 9. d3 Bd7 10. Bd2 h6 11. Ne1 Qc8 12. Nc2 Bh3 13. b4 Bxg2 14. Kxg2 axb4 15.
axb4 b6 16. h3 Kh7 17. e4 Nd7 18. f4 Nd4 19. Nxd4 Bxd4 20. Qc2 Qc6 21. Kh2 Bg7
22. Ne2 Ra3 23. Bc3 Qa4 24. Qd2 Ra2 25. Rb2 Rxb2 26. Qxb2 Bxc3 27. Nxc3 Qxb4
28. Qxb4 cxb4 29. Nd5 Ra8 30. Rb1 Ra2+ 31. Kg1 Rd2 32. Nxe7 Rxd3 33. Rxb4 Rxg3+
34. Kf2 Rxh3 35. Nc8 Nc5 36. Nxd6 Nd3+ 37. Kg2 Nxf4+ 38. Kg1 Rf3 39. Rxb6 Nd3
40. Rb3 Ne5 41. Rxf3 Nxf3+ 42. Kf2 Ne5 43. Ke3 Kg7 44. Kd4 f6 45. Kd5 h5 46. c5
h4 47. c6 Nxc6 0-1

[Event "XIII Konik Morski Rewala - Open A"]
[Site "Rewal"]
[Date "2008.08.22"]
[Round "3"]
[White "Koziak, Vitali"]
[Black "Matuszewski, Michal"]
[Result "0-1"]
[WhiteElo "2489"]
[BlackElo "2233"]
[PlyCount "0"]
[EventDate "2008.??.??"]

1. d4 d5 2. c4 c6 3. Nc3 e6 4. Nf3 dxc4 5. g3 b5 6. Bg2 Bb7 7. O-O Nd7 8. e4
Ngf6 9. e5 Nd5 10. Ng5 Nxc3 11. bxc3 Be7 12. h4 Bxg5 13. hxg5 Qc7 14. Qh5 c5
15. g6 fxg6 16. Qg4 Kf7 17. d5 Rhe8 18. d6 Qb6 19. Bg5 Bxg2 20. Kxg2 Qc6+ 21.
Kh2 Kg8 22. f4 Nb6 23. Rad1 Qd7 24. Qf3 b4 25. g4 bxc3 26. Qxc3 Rab8 27. Kg3 h6
28. Be7 Nd5 29. Qxc4 Ne3 30. Qd3 Nxf1+ 31. Qxf1 Rb4 32. Qf2 Rc4 33. Qf3 Kh7 34.
Qb3 Re4 35. Qf3 Ra4 36. Qb3 c4 37. Qf3 Rxa2 38. Rc1 Ra4 39. Rc3 Rb4 40. Qe4
Rxe7 41. dxe7 Qxe7 42. Qc6 Qd8 43. Qd6 Qb6 0-1

[Event "XIII Konik Morski Rewala - Open A"]
[Site "Rewal"]
[Date "2008.08.22"]
[Round "3"]
[White "Budrewicz, Krzysztof"]
[Black "Nester, Ihor"]
[Result "1-0"]
[WhiteElo "2333"]
[BlackElo "2385"]
[PlyCount "0"]
[EventDate "2008.??.??"]

1. d4 d5 2. Nf3 Nf6 3. c4 dxc4 4. e3 e6 5. Bxc4 a6 6. O-O Nbd7 7. Qe2 b5 8. Bb3
c5 9. a4 b4 10. e4 Bb7 11. d5 e5 12. a5 Bd6 13. Nbd2 O-O 14. Nc4 Bb8 15. Bg5 h6
16. Bd2 Ne8 17. Ba4 Bc7 18. Be3 f5 19. Bxd7 Qxd7 20. Bxc5 Nd6 21. Ncxe5 Qe8 22.
exf5 Rxf5 23. Rfe1 Nf7 24. Ng6 Qxe2 25. Rxe2 Kh7 26. Ne7 Rf6 27. Bxb4 Bd6 28.
Bc3 Rf4 29. Nc6 Nd8 30. Nfe5 Bxe5 31. Bxe5 Rc4 32. Ne7 Nf7 33. Bc3 Rd8 34. Nf5
Rxd5 35. Ne3 Re4 36. Nxd5 Rxe2 37. Ne3 Bc6 38. Re1 Rxe1+ 39. Bxe1 Nd6 40. f3 g6
41. Bc3 h5 42. Kf2 Kg8 43. Nc2 Kf7 44. Ke3 Nf5+ 45. Kf4 Ba4 46. Nb4 Bb5 47. Kg5
Ne3 48. g4 hxg4 49. fxg4 Be2 50. h3 Bc4 51. Nc6 Bf1 52. Ne5+ Ke6 53. Nxg6 1-0

[Event "XIII Konik Morski Rewala - Open A"]
[Site "Rewal"]
[Date "2008.08.22"]
[Round "3"]
[White "Wieczorek, Oskar"]
[Black "Przybylski, Wojciech"]
[Result "1-0"]
[WhiteElo "2232"]
[BlackElo "2363"]
[PlyCount "0"]
[EventDate "2008.??.??"]

1. e4 c5 2. Nf3 d6 3. d4 cxd4 4. Nxd4 Nf6 5. Nc3 a6 6. Be2 e6 7. O-O Be7 8. f4
O-O 9. a4 Nc6 10. Be3 Bd7 11. Nb3 Rc8 12. a5 Nb4 13. Bb6 Qe8 14. Bf3 e5 15. g4
Bc6 16. f5 h6 17. Qd2 Bd7 18. h4 Nh7 19. Bf2 Rc6 20. Kg2 Qc8 21. Rh1 Qc7 22.
Bb6 Rxb6 23. axb6 Qxb6 24. Na4 Bxa4 25. Rxa4 Nc6 26. Raa1 Rc8 27. Qf2 Qb4 28.
Rhd1 Nf6 29. Qd2 Ne8 30. Kh3 Kf8 31. Rac1 Qxd2 32. Rxd2 Bd8 33. c3 Nb8 34. Be2
f6 35. Kg3 Nd7 36. Kf3 Ke7 37. Na1 Nb6 38. Nc2 Nd7 39. Ne3 Nb8 40. Bc4 Nc6 41.
g5 hxg5 42. Be6 g4+ 43. Kxg4 Rb8 44. Nd5+ Kf8 45. h5 Ne7 46. h6 gxh6 47. Rh1
Nxd5 48. exd5 Bb6 49. Rxh6 1-0

[Event "XIII Konik Morski Rewala - Open A"]
[Site "Rewal"]
[Date "2008.08.22"]
[Round "3"]
[White "Meyer, Falko"]
[Black "Orzech, Dominik"]
[Result "1/2-1/2"]
[WhiteTitle "FM"]
[BlackTitle "m"]
[WhiteElo "2305"]
[BlackElo "2472"]

1. e4 c5 2. Nf3 Nc6 3. d3 Nf6 4. Bg5 d5 5. Bxf6 exf6 6. Nc3 d4 7. Nd5 Be6 8.
Nf4 Bg4 9. Be2 Bd6 10. g3 Qb6 11. b3 Qc7 12. Nd5 Qa5+ 13. Nd2 Be6 14. O-O O-O
15. a4 Bxd5 16. exd5 Nb4 17. Bf3 Rfe8 18. Nc4 Qc7 19. Qd2 Rad8 20. Rfe1 b6 21.
Rxe8+ Rxe8 22. Re1 Rxe1+ 23. Qxe1 Kf8 24. Qd2 Qd7 25. Kg2 Bc7 26. Qe2 g6 27.
Na3 a6 28. h3 f5 29. Qd2 Nxd5 30. Qe2 h5 31. Nc4 Nb4 32. Qd2 Qe6 33. Na3 Kg7
34. Qe2 Kf6 35. Qd2 Kg7 36. Qe2 Kg8 37. Qd2 h4 38. gxh4 Qe5 39. Kf1 Qh2 40. Bg2
Bd8 41. Qh6 f4 42. h5 f3 43. Bxf3 Qxh3+ 44. Ke2 Qh4 45. Qc1 gxh5 46. Qh6 Qe7+
47. Kf1 h4 48. Nc4 Nxc2 49. Be4 Qg5 50. Qh7+ Kf8 51. Nd6 Qc1+ 52. Ke2 Qe1+ 53.
Kf3 Qh1+ 54. Ke2 Qe1+ 55. Kf3 Qd1+ 56. Kg2 Qg4+ 57. Kf1 Qf4 58. Qh8+ Ke7 59.
Qe8+ Kxd6 60. Qxd8+ Ke6 61. Qxb6+ Qd6 62. Bf5+ Ke7 63. Qb7+ Kf8 64. Qa8+ Kg7
65. Qg2+ Kf8 66. Qa8+ Kg7 67. Qg2+ Kf6 68. Qf3 Qe5 69. Be4+ Ke7 70. Qg4 Qf6 71.
Qh5 Ne3+ 72. Ke2 1/2-1/2

[Event "XIII Konik Morski Rewala - Open A"]
[Site "Rewal"]
[Date "2008.08.22"]
[Round "3"]
[White "Brodowski, Piotr"]
[Black "Swicarz, Maciej"]
[Result "1/2-1/2"]
[WhiteElo "2424"]
[BlackElo "2284"]
[PlyCount "0"]
[EventDate "2008.??.??"]

1. d4 Nf6 2. Nc3 d5 3. Bg5 Bf5 4. f3 Nbd7 5. Nxd5 Nxd5 6. e4 f6 7. Bd2 Be6 8.
exd5 Bxd5 9. Bd3 e5 10. Qe2 Be7 11. Nh3 exd4 12. Nf4 Ne5 13. Bf5 Bc4 14. Qe4 g6
15. Be6 c6 16. O-O-O Qd6 17. Bxc4 Nxc4 18. Bc3 f5 19. Qxd4 Qxd4 20. Rxd4 Nb6
21. Re1 Kf7 22. g4 c5 23. Rd2 Bg5 24. Bxh8 Bxf4 25. Be5 1/2-1/2

[Event "XIII Konik Morski Rewala - Open A"]
[Site "Rewal"]
[Date "2008.08.22"]
[Round "3"]
[White "Mazurkiewicz, Michal"]
[Black "Chojnacki, Krzysztof"]
[Result "1/2-1/2"]
[WhiteElo "2239"]
[BlackElo "2416"]
[PlyCount "67"]
[EventDate "2008.??.??"]

1. e4 c6 2. d3 g6 3. g3 Bg7 4. Bg2 d6 5. c3 Nf6 6. h3 O-O 7. Be3 d5 8. e5 Ne8
9. Nf3 Bf5 10. O-O Nd7 11. g4 Be6 12. d4 f6 13. exf6 exf6 14. Bf4 Nc7 15. Nbd2
Bf7 16. Qb3 Nb6 17. a4 Ne6 18. Bh2 Qd7 19. a5 Nc8 20. Rfe1 Bh6 21. h4 Bf4 22.
Nf1 Nd6 23. g5 fxg5 24. hxg5 Ne4 25. Ne5 Bxe5 26. Bxe5 N6xg5 27. f3 Nd6 28. Qb4
Nc4 29. Bf6 Nxf3+ 30. Bxf3 Be6 31. Qe7 Rae8 32. Rxe6 Rxe7 33. Rxe7 Qf5 34. Rg7+
1/2-1/2

[Event "XIII Konik Morski Rewala - Open A"]
[Site "Rewal"]
[Date "2008.08.22"]
[Round "3"]
[White "Rutkowski, Maciej"]
[Black "Janczarski, Michal"]
[Result "1-0"]
[WhiteElo "2380"]
[BlackElo "2238"]
[PlyCount "107"]
[EventDate "2008.??.??"]

1. e4 c5 2. c3 d5 3. exd5 Qxd5 4. d4 g6 5. Nf3 Bg7 6. Na3 Nh6 7. Bc4 Qe4+ 8.
Be3 O-O 9. O-O cxd4 10. Bxd4 e5 11. Re1 Qf4 12. Bxe5 Bxe5 13. Nxe5 Nc6 14. Qf3
Qxf3 15. Nxf3 Bg4 16. Ne5 Nxe5 17. Rxe5 Rad8 18. Bb3 Rfe8 19. Rxe8+ Rxe8 20. f3
Bd7 21. Kf2 Bc6 22. Rd1 Kf8 23. Nc4 b6 24. Ne3 Ng8 25. Rd6 Rc8 26. Ng4 Ke7 27.
Rd4 Rc7 28. Ne5 Be8 29. Nd3 Nf6 30. Nb4 a5 31. Nd5+ Nxd5 32. Bxd5 f5 33. f4 Bf7
34. Bxf7 Kxf7 35. Rd6 Rb7 36. Ke3 Ke7 37. Rd5 Ke6 38. Re5+ Kd6 39. h4 Rb8 40.
Kd4 Rc8 41. g3 Kd7 42. c4 Kd6 43. b3 Rc7 44. h5 Rc8 45. Rd5+ Kc6 46. hxg6 hxg6
47. Ke5 Re8+ 48. Kf6 Re3 49. Kxg6 Rxg3+ 50. Kxf5 Rg2 51. Ke6 Rxa2 52. f5 a4 53.
bxa4 Rxa4 54. f6 1-0

[Event "XIII Konik Morski Rewala - Open A"]
[Site "Rewal"]
[Date "2008.08.22"]
[Round "3"]
[White "Ni, Viktorija"]
[Black "Bronowicki, Mateusz"]
[Result "0-1"]
[WhiteElo "2129"]
[BlackElo "2326"]
[PlyCount "76"]
[EventDate "2008.??.??"]

1. d4 Nf6 2. c4 e6 3. Nc3 Bb4 4. e3 c5 5. d5 b5 6. Bd2 bxc4 7. dxe6 fxe6 8.
Bxc4 O-O 9. Nf3 d5 10. Bd3 Nbd7 11. O-O Bb7 12. Ng5 Qe7 13. Qc2 h6 14. Nh7 Nxh7
15. Bxh7+ Kh8 16. a3 Bxc3 17. Bxc3 e5 18. Bf5 Nb6 19. Rae1 Qg5 20. e4 Ba6 21.
f4 exf4 22. Rf3 Nc4 23. h4 Qxh4 24. exd5 Ne3 25. Rfxe3 fxe3 26. Rxe3 Qg5 27.
Rf3 Rae8 28. Rf2 Re2 29. Rxe2 Bxe2 30. Qxe2 Qxf5 31. Qd2 Qf1+ 32. Kh2 Qf4+ 33.
Qxf4 Rxf4 34. Be5 Rf5 35. Bb8 a6 36. d6 Kg8 37. Bc7 Rd5 38. Bb6 c4 0-1